000
00249nam a2200085Ia 4500
245
0
_a
Finance in your own business
100
_a
PARKER, Eric Johannesburg, South Africa, 2011
_9
32793
942
_c
BK
008
210817s9999 xx 000 0 und d
999
_c
300240
_d
300239